| 000 | 00724nam a22001934a 4500 | ||
|---|---|---|---|
| 008 | 020405m19811982spc 000 1 spa|| | ||
| 020 | _a8402087183 | ||
| 035 |
_a0277-18560 _9ES-BaSLP035 |
||
| 040 |
_aES-BaSLP _bcat _cES-BaSLP |
||
| 080 | _a860(861)-92"19" | ||
| 100 | 1 | _aGarcía Márquez, Gabriel | |
| 245 | 1 | 0 |
_aObra periodística / _cGabriel García Márquez ; recopilación y prólogo de Jacques Gilard. |
| 250 | _a3a ed. | ||
| 260 |
_aBarcelona : _bBruguera, _c1981-1982. |
||
| 300 |
_a3 vol. ; _c19 cm. |
||
| 490 | 1 |
_aNarradores de hoy / Bruguera ; _v48, 65, 67, 76 |
|
| 505 | 8 | _aConté: 1. Textos costeños -- 2.-3. Entre cachacos -- 4. De Europa y América | |
| 830 | 0 |
_aNarradores de hoy (Bruguera) ; _v48, 65, 67, 76 |
|
| 999 |
_c6857 _d6857 |
||